consulat + 1er empire - Statistiques

Statistiques générales
  • Ce quiz a été pris 16 fois
  • Le résultat moyen est 2 sur 10
Statistiques - réponses
indice réponse % Correct
Sacrement de Napoléon Bonaparte 2 décembre 1804
88%
9 novembre 1799 -18 mai 1804 Consulat
60%
Constitution de l’An VIII 13 décembre 1799
22%
Sénatus consult instaurant l’Empire héréditaire au profit de Napoléon Bonaparte 18 mai 1804
14%
2 décembre 1804 Sacrement de Napoléon Bonaparte
14%
13 décembre 1799 Constitution de l’An VIII
11%
Sénatus consult instaurant le Consulat à vie au profit de Napoléon Bonaparte 4 août 1802
10%
Ier Empire 18 mai 1804 - 6 avril 1814
0%
8 mai 1802 1er Consul élu pour 10 ans = Napoléon Bonaparte
0%
1er Consul élu pour 10 ans = Napoléon Bonaparte 8 mai 1802
0%
Consulat (période) 9 novembre 1799 -18 mai 1804
0%
18 mai 1804 - 6 avril 1814 Ier Empire
0%
4 août 1802 Sénatus consult instaurant le Consulat à vie au profit de Napoléon Bonaparte
0%
18 mai 1804 Sénatus consult instaurant l’Empire héréditaire au profit de Napoléon Bonaparte
0%
Aucun quiz correspondant
Distribution des résultats
% des personnes avec chaque résultat
Percentile par nombre de réponses
Votre historique - résultats
Vous n’avez pas pris ce quiz